[Event "Cheliabinsk op 08"]
[Site "Cheliabinsk"]
[Date "2009.08.13"]
[Round "7"]
[White "Sotnikov, Alexander I"]
[Black "Kondrin, Alexander"]
[Result "1/2-1/2"]
[WhiteElo "2301"]
[BlackElo "2288"]
[PlyCount "89"]
[EventDate "2009.08.08"]
[EventType "swiss"]
[EventRounds "9"]
[EventCountry "RUS"]
[SourceTitle "CBM 132 Extra"]
[Source "ChessBase"]
[SourceDate "2009.11.03"]
[SourceVersion "1"]
[SourceVersionDate "2009.11.03"]
[SourceQuality "1"]

1. Nf3 d5 2. b3 Nd7 3. Bb2 Ngf6 4. c4 e6 5. g3 Be7 6. Bg2 0-0 7. 0-0 b6 8. cxd5 exd5 9. Nd4 Bb7 10. Nf5 Re8 11. Nxe7+ Qxe7 12. e3 c5 13. Nc3 Rad8 14. d4 Ne4 15. Nxe4 dxe4 16. Qg4 cxd4 17. Bxd4 Ne5 18. Qf4 Nf3+ 19. Bxf3 exf3 20. Rac1 Qe6 21. g4 Rc8 22. h3 f6 23. Rc7 Rxc7 24. Qxc7 Qc6 25. Rc1 Qd5 26. Qf4 Rc8 27. Rc7 Rxc7 28. Qxc7 h5 29. gxh5 Qxh5 30. Kh2 Qg5 31. Qg3 Qxg3+ 32. Kxg3 Kf7 33. h4 g6 34. Kf4 Ke6 35. a3 Bd5 36. b4 Bc6 37. e4 Bb7 38. a4 Bc6 39. a5 bxa5 40. bxa5 a6 41. Bc3 Bb7 42. Ke3 Bc6 43. Kd4 Bb7 44. Bd2 Ba8 45. Bf4 1/2-1/2

[Event "Cheliabinsk op 08"]
[Site "Cheliabinsk"]
[Date "2009.08.11"]
[Round "4"]
[White "Barkov, Alexey"]
[Black "Sotnikov, Alexander I"]
[Result "0-1"]
[WhiteElo "2039"]
[BlackElo "2301"]
[PlyCount "144"]
[EventDate "2009.08.08"]
[EventType "swiss"]
[EventRounds "9"]
[EventCountry "RUS"]
[SourceTitle "CBM 132 Extra"]
[Source "ChessBase"]
[SourceDate "2009.11.03"]
[SourceVersion "1"]
[SourceVersionDate "2009.11.03"]
[SourceQuality "1"]

1. e4 Nc6 2. Nf3 e6 3. d4 d5 4. Nbd2 Nf6 5. e5 Nd7 6. c3 f6 7. exf6 Qxf6 8. Nb3 Bd6 9. h4 a5 10. a4 h6 11. h5 Ne7 12. Be2 c6 13. g4 Rf8 14. g5 hxg5 15. Bxg5 Qf5 16. h6 gxh6 17. Bxh6 Rf7 18. Qd2 Kd8 19. 0-0-0 b5 20. Nh4 Qf6 21. Bg5 Qg7 22. Rdg1 Qxg5 23. Rxg5 Bf4 24. axb5 a4 25. Na1 Bxd2+ 26. Kxd2 Rxf2 27. Ke3 Rf8 28. Nc2 c5 29. Bg4 Rb8 30. dxc5 Nxc5 31. Nd4 Rf6 32. Nhf3 Bd7 33. Rg7 Rg6 34. Rxg6 Nxg6 35. Rh6 Nf8 36. Ne5 Kc7 37. Rh8 Kd6 38. Ng6 e5 39. Rxf8 exd4+ 40. cxd4 Rxf8 41. Nxf8 Bxg4 42. dxc5+ Kxc5 43. Ng6 Kxb5 44. Kd4 Kb4 45. Nf4 Bf3 46. Nd3+ Kb3 47. Nc5+ Kb4 48. Nd3+ Kb5 49. Nf4 Kc6 50. Nd3 Be4 51. Nb4+ Kd6 52. Na2 Bc2 53. Nc3 Bb3 54. Nb5+ Kc6 55. Nc3 Kd6 56. Nb5+ Kd7 57. Nc3 Kc6 58. Ne2 Kb5 59. Nc3+ Kb4 60. Ne2 Bc4 61. Nc1 Kb5 62. Kc3 Kc5 63. Kd2 d4 64. Ke1 Kd5 65. Kf2 Ke4 66. Ke1 Ke3 67. Kd1 Bd5 68. Ke1 d3 69. Nxd3 Kxd3 70. Kd1 Bb3+ 71. Kc1 Bc2 72. b4 axb3 0-1

[Event "Cheliabinsk op 08"]
[Site "Cheliabinsk"]
[Date "2009.08.10"]
[Round "3"]
[White "Sotnikov, Alexander I"]
[Black "Zorin, Yuri"]
[Result "1-0"]
[WhiteElo "2301"]
[BlackElo "1844"]
[PlyCount "125"]
[EventDate "2009.08.08"]
[EventType "swiss"]
[EventRounds "9"]
[EventCountry "RUS"]
[SourceTitle "CBM 132 Extra"]
[Source "ChessBase"]
[SourceDate "2009.11.03"]
[SourceVersion "1"]
[SourceVersionDate "2009.11.03"]
[SourceQuality "1"]

1. Nf3 d5 2. b3 e6 3. Bb2 Nf6 4. c4 Bd6 5. g3 0-0 6. Bg2 c6 7. 0-0 Nbd7 8. Nc3 a6 9. d3 b6 10. Qc2 Bb7 11. e4 dxe4 12. dxe4 Qc7 13. Rae1 h6 14. Qe2 Ne5 15. Nd2 Rad8 16. h3 Bc5 17. Na4 Bd4 18. Bxd4 Rxd4 19. Nc3 Rfd8 20. Ndb1 c5 21. f4 Nd3 22. Rd1 Qd7 23. e5 Bxg2 24. Qxg2 Nh5 25. Kh2 f5 26. Ne2 Nb2 27. Rxd4 cxd4 28. g4 d3 29. Ng1 d2 30. Nxd2 fxg4 31. hxg4 Qxd2 32. gxh5 Qxg2+ 33. Kxg2 Rd2+ 34. Kf3 Nd1 35. Ne2 Rd3+ 36. Ke4 Re3+ 37. Kd4 Rxe2 38. Rxd1 Rxa2 39. Kc3 Rf2 40. Rd6 Rf3+ 41. Kb4 b5 42. Rxa6 bxc4 43. bxc4 Rxf4 44. Rxe6 Kf7 45. Ra6 Rf5 46. Ra7+ Ke6 47. Rxg7 Rxh5 48. c5 Kxe5 49. c6 Rh1 50. Kc5 Rc1+ 51. Kb6 Kf6 52. Rh7 Kg6 53. Rh8 Kg7 54. Rd8 h5 55. c7 Kf6 56. Rd6+ Ke7 57. Rc6 Rb1+ 58. Ka5 Ra1+ 59. Kb4 Rb1+ 60. Ka3 Ra1+ 61. Kb2 Ra8 62. c8Q Rxc8 63. Rxc8 1-0

[Event "Cheliabinsk op 08"]
[Site "Cheliabinsk"]
[Date "2009.08.09"]
[Round "2"]
[White "Perezolov, Gerald"]
[Black "Sotnikov, Alexander I"]
[Result "1/2-1/2"]
[WhiteElo "2071"]
[BlackElo "2301"]
[PlyCount "105"]
[EventDate "2009.08.08"]
[EventType "swiss"]
[EventRounds "9"]
[EventCountry "RUS"]
[SourceTitle "CBM 132 Extra"]
[Source "ChessBase"]
[SourceDate "2009.11.03"]
[SourceVersion "1"]
[SourceVersionDate "2009.11.03"]
[SourceQuality "1"]

1. d4 Nf6 2. c4 c5 3. d5 e5 4. Nc3 d6 5. e4 Be7 6. Nge2 0-0 7. Ng3 Ne8 8. Bd3 Bg5 9. 0-0 Nd7 10. Qe2 a6 11. a3 g6 12. Rb1 Ng7 13. Qc2 Bxc1 14. Rbxc1 Qg5 15. Nce2 h5 16. Rce1 h4 17. Nh1 Nh5 18. Qc1 Nf4 19. g3 Nf6 20. f3 N6h5 21. Nxf4 exf4 22. g4 Nf6 23. h3 Qe5 24. Nf2 Nd7 25. b3 g5 26. Qa1 Qxa1 27. Rxa1 Ne5 28. Be2 b5 29. Nd3 Ng6 30. Rfe1 Bd7 31. Bf1 Rfe8 32. Rab1 Rab8 33. Kf2 Kg7 34. Be2 bxc4 35. bxc4 Ba4 36. Rec1 Kf6 37. Nb2 Bd7 38. Nd1 Ne5 39. Nc3 Rec8 40. Ke1 Be8 41. Kd2 Nd7 42. a4 Rb4 43. a5 Rcb8 44. Rxb4 cxb4 45. Na4 Nc5 46. Nxc5 dxc5 47. Bd1 Ke5 48. Kd3 Bd7 49. Bb3 f6 50. Rd1 Kd6 51. Re1 Re8 52. Re2 Re7 53. Rg2 1/2-1/2

[Event "Cheliabinsk op 08"]
[Site "Cheliabinsk"]
[Date "2009.08.08"]
[Round "1"]
[White "Sotnikov, Alexander I"]
[Black "Gerasimov, Nikolai"]
[Result "1-0"]
[WhiteElo "2301"]
[BlackElo "1635"]
[PlyCount "89"]
[EventDate "2009.08.08"]
[EventType "swiss"]
[EventRounds "9"]
[EventCountry "RUS"]
[SourceTitle "CBM 132 Extra"]
[Source "ChessBase"]
[SourceDate "2009.11.03"]
[SourceVersion "1"]
[SourceVersionDate "2009.11.03"]
[SourceQuality "1"]

1. Nf3 Nf6 2. g3 g6 3. Bg2 Bg7 4. 0-0 0-0 5. d4 d5 6. Ne5 c6 7. c4 Nfd7 8. Nxd7 Qxd7 9. cxd5 cxd5 10. Nc3 e6 11. Bf4 Nc6 12. e3 a6 13. g4 Ne7 14. Na4 Qd8 15. Rc1 Nc6 16. h3 Re8 17. Qb3 e5 18. dxe5 Be6 19. Qxb7 Nxe5 20. Nc5 Rb8 21. Qxa6 Rxb2 22. Bxe5 Bxe5 23. Nd3 Rb6 24. Qa4 Bg7 25. Rb1 Rb8 26. Rxb8 Qxb8 27. Nf4 Rd8 28. Rd1 d4 29. Nxe6 fxe6 30. Qc4 Qb6 31. a4 Kf7 32. Qb5 Qc7 33. Qc6 Qa5 34. Rb1 Qe5 35. exd4 Qxd4 36. a5 Rd7 37. Qf3+ Ke7 38. Qa3+ Kf6 39. a6 Ra7 40. Bb7 Kf7 41. Qf3+ Kg8 42. Rd1 Qb6 43. Rd7 Qb1+ 44. Kg2 Qb2 45. Rd8+ 1-0

[Event "Cheliabinsk op 02"]
[Site "Cheliabinsk"]
[Date "2009.03.07"]
[Round "8"]
[White "Sotnikov, Alexander I"]
[Black "Polschikov, Alexey"]
[Result "0-1"]
[WhiteElo "2301"]
[BlackElo "2325"]
[PlyCount "136"]
[EventDate "2009.02.28"]
[EventType "swiss"]
[EventRounds "9"]
[EventCountry "RUS"]
[SourceTitle "CBM 129 Extra"]
[Source "ChessBase"]
[SourceDate "2009.05.05"]
[SourceVersion "2"]
[SourceVersionDate "2009.05.20"]
[SourceQuality "1"]

1. Nf3 d5 2. b3 Bg4 3. Bb2 Nd7 4. e3 Ngf6 5. h3 Bh5 6. g4 Bg6 7. Nh4 e6 8. d3 Bb4+ 9. c3 Bd6 10. Be2 0-0 11. c4 Bb4+ 12. Bc3 Bxc3+ 13. Nxc3 c6 14. g5 Ne8 15. Nxg6 fxg6 16. h4 b5 17. cxb5 cxb5 18. Bg4 Qe7 19. d4 Nd6 20. Qd3 b4 21. Ne2 Rfc8 22. f4 Nf8 23. 0-0 Nf5 24. Bxf5 gxf5 25. Rac1 Qb7 26. Kf2 Nd7 27. h5 a5 28. Rxc8+ Rxc8 29. Rc1 Rc6 30. Qd2 Kf8 31. a3 Nb8 32. Rxc6 Nxc6 33. a4 Nb8 34. Nc1 Nd7 35. Qc2 Ke7 36. Nd3 Kd8 37. Nc5 Qc6 38. Ke1 Nxc5 39. dxc5 d4 40. exd4 Qh1+ 41. Kd2 Qh2+ 42. Kd3 Qxf4 43. Qg2 Kc7 44. Kc4 Qe4 45. Qh2+ f4 46. Kb5 Qxd4 47. g6 hxg6 48. hxg6 Kb7 49. Qh4 Qd7+ 50. Kxa5 Kc6 51. Kxb4 Qd4+ 52. Ka3 Qa1+ 53. Kb4 Qd4+ 54. Ka3 Qxc5+ 55. Ka2 f3 56. Qe4+ Qd5 57. Qe1 e5 58. Qc3+ Kd7 59. Qe3 Ke6 60. Qa7 Kf6 61. a5 Kxg6 62. a6 Qd2+ 63. Ka3 f2 64. Qb6+ Kh5 65. Qb5 Qc1+ 66. Kb4 Qe1+ 67. Kc5 f1Q 68. Qe8+ Kg5 0-1

[Event "Cheliabinsk op 02"]
[Site "Cheliabinsk"]
[Date "2009.03.06"]
[Round "7"]
[White "Kondrin, Alexander"]
[Black "Sotnikov, Alexander I"]
[Result "1/2-1/2"]
[WhiteElo "2282"]
[BlackElo "2301"]
[PlyCount "41"]
[EventDate "2009.02.28"]
[EventType "swiss"]
[EventRounds "9"]
[EventCountry "RUS"]
[SourceTitle "CBM 129 Extra"]
[Source "ChessBase"]
[SourceDate "2009.05.05"]
[SourceVersion "2"]
[SourceVersionDate "2009.05.20"]
[SourceQuality "1"]

1. e4 b6 2. d4 Bb7 3. Bd3 Nf6 4. Nc3 e6 5. Nge2 d5 6. e5 Nfd7 7. Nf4 Bb4 8. Qg4 g6 9. h4 h5 10. Qg3 Nf8 11. a3 Be7 12. Nce2 Ba6 13. c3 Bxd3 14. Nxd3 c5 15. Bg5 Bxg5 16. hxg5 c4 17. Ndc1 Nc6 18. b4 cxb3 19. Nxb3 Rc8 20. Qe3 Rg8 21. f4 1/2-1/2

[Event "Cheliabinsk op 02"]
[Site "Cheliabinsk"]
[Date "2009.03.05"]
[Round "6"]
[White "Sotnikov, Alexander I"]
[Black "Kozlov, Konstantin1111"]
[Result "1/2-1/2"]
[WhiteElo "2301"]
[BlackElo "2301"]
[PlyCount "149"]
[EventDate "2009.02.28"]
[EventType "swiss"]
[EventRounds "9"]
[EventCountry "RUS"]
[SourceTitle "CBM 129 Extra"]
[Source "ChessBase"]
[SourceDate "2009.05.05"]
[SourceVersion "2"]
[SourceVersionDate "2009.05.20"]
[SourceQuality "1"]

1. Nf3 Nc6 2. d4 d5 3. Bf4 Bg4 4. Nbd2 e6 5. c3 Bd6 6. e3 Nf6 7. Qb3 Rb8 8. Bb5 0-0 9. Bg5 h6 10. Bh4 Bf5 11. Qa4 a6 12. Bxc6 bxc6 13. b4 Bd3 14. Qd1 g5 15. Nb3 Bc4 16. Bg3 Ne4 17. Rc1 Bb5 18. Nfd2 f5 19. Qh5 Qf6 20. Nxe4 fxe4 21. Rc2 Bd3 22. Rd2 Qg7 23. Qg4 Rf5 24. Bxd6 cxd6 25. Qg3 e5 26. a3 Rbf8 27. dxe5 Rxe5 28. h4 g4 29. h5 Rg5 30. Nd4 Qf6 31. Rh4 c5 32. bxc5 dxc5 33. Ne2 Kh7 34. Qf4 Rf5 35. Qxg4 Rxf2 36. Qg6+ Qxg6 37. hxg6+ Kg7 38. Rh1 Bxe2 39. Rxe2 Rxe2+ 40. Kxe2 Kxg6 41. Rb1 Rf6 42. Rb8 Kf5 43. Rc8 c4 44. Rd8 Ke5 45. Rb8 Rd6 46. a4 Ke6 47. Rb7 Rc6 48. Kf2 Kd6 49. Kg3 Kc5 50. a5 Rg6+ 51. Kh3 Rf6 52. Kg3 Rf1 53. Rb6 Rc1 54. Rxa6 Rxc3 55. Kf4 Ra3 56. Ra8 c3 57. Rc8+ Kb4 58. Ke5 Rxa5 59. Kd4 Ra2 60. Rb8+ Ka4 61. Kxc3 Rxg2 62. Rb6 h5 63. Rd6 Re2 64. Rxd5 Rxe3+ 65. Kc4 h4 66. Rh5 Rh3 67. Kd4 e3 68. Kd3 Kb4 69. Re5 Rg3 70. Re4+ Kc5 71. Rxh4 Kd5 72. Rd4+ Ke5 73. Re4+ Kf5 74. Rxe3 Rxe3+ 75. Kxe3 1/2-1/2